000 00811nam a22001937a 4500
008 131126b xxu||||| |||| 00| 0 alb d
041 1 _aalb
_aeng
_a-ssc
080 _a343
_x(094.9)
110 _aQendra juridike e Kosovës
245 0 0 _aPërmbledhje e ligjeve kundër terrorizmit dhe krimit të organizuar /
260 _aKosovë :
_bKLC ;
_c2005.
300 _a420 f. :
_c24 cm.
500 _aTeksi është në tre gjuhë : shqipe, angleze dhe sërbe. Titujt - [ Përmbldhje e ligjeve kundër terrorizmit dhe krimit të organizuar = Compilation of laws against terrorism and organized crime = Zbirka zakona protiv terorizma i organizovanog kriminala ]
650 0 _aE drejta penale
650 0 _aKriminalistika
650 0 _aTerrorizmi
700 1 _aWillcoxon, George [ përmbledhje nga ]
942 _2udc
_cBK
999 _c354
_d354